Assessing development appraisal risk with reference to client specific risk tolerance and perspectives (Record no. 107018)

MARC details
000 -LEADER
fixed length control field 01244cam a22002295a 4500
001 - CONTROL NUMBER
control field L138136
008 - FIXED-LENGTH DATA ELEMENTS--GENERAL INFORMATION
fixed length control field 070518e2005 xxk f 100 0 eng d
035 ## - SYSTEM CONTROL NUMBER
System control number (Sirsi) u138136
041 0# - LANGUAGE CODE
Language code of text/sound track or separate title eng
100 1# - MAIN ENTRY--PERSONAL NAME
Personal name Ogunba, Olusegun A.
245 00 - TITLE STATEMENT
Title Assessing development appraisal risk with reference to client specific risk tolerance and perspectives
Medium [electronic resource]
260 ## - PUBLICATION, DISTRIBUTION, ETC.
Date of publication, distribution, etc. 2005
490 #0 - SERIES STATEMENT
Series statement COBRA
Volume/sequential designation 2005
520 ## - SUMMARY, ETC.
Summary, etc. Discusses whether the risk adjustment/analysis techniques adopted by development appraisers can reflect the diverse risks of developers and lenders in the real estate development sector. Discusses whether risk analysis used by the appraiser in development viability studies should be adapted to the specific risk tolerance of the instructing client and should address the exact type of risk that is germane to such a client.
651 #4 - SUBJECT ADDED ENTRY--GEOGRAPHIC NAME
Geographic name International
690 ## - LOCAL SUBJECT ADDED ENTRY--TOPICAL TERM (OCLC, RLIN)
Topical term or geographic name as entry element Block management
9 (RLIN) 6220
700 1# - ADDED ENTRY--PERSONAL NAME
Personal name Ojo, Olatoye
700 1# - ADDED ENTRY--PERSONAL NAME
Personal name Boyd, Terry P.
711 2# - ADDED ENTRY--MEETING NAME
Meeting name or jurisdiction name as entry element Construction and Building Research Conference
Location of meeting University of Queensland, Brisbane
Date of meeting or treaty signing 4-5 July 2005
856 40 - ELECTRONIC LOCATION AND ACCESS
Uniform Resource Identifier <a href="https://www.rics.org/site/scripts/download_info.aspx?downloadID=1729">https://www.rics.org/site/scripts/download_info.aspx?downloadID=1729</a>
Public note View the item free of charge at www.rics.org...
942 ## - ADDED ENTRY ELEMENTS (KOHA)
Suppress in OPAC 0
Holdings
Withdrawn status Lost status Source of classification or shelving scheme Damaged status Not for loan Home library Current library Shelving location Date acquired Total Checkouts Full call number Barcode Date last seen Copy number Price effective from Koha item type
    Dewey Decimal Classification     Virtual Virtual Online 18/05/2007   ONLINE PUBLICATION 138136-2001 06/08/2019 1 06/08/2019 Book